MLB Top MVP, Cy Young, and ROY 2009 - Statistics

General Stats
  • This quiz has been taken 28 times
  • The average score is 25 of 41
Answer Stats
# Player Team Pos. % Correct
1 Joe Mauer MIN C
100%
1 Albert Pujols STL 1B
92%
3 Derek Jeter NYY SS
92%
2 Félix Hernández SEA P
92%
4 Miguel Cabrera DET 1B
92%
10 Alex Rodriguez NYY 3B
88%
9 Ichiro Suzuki SEA RF
88%
3 Justin Verlander DET P
88%
1 Tim Lincecum SFG P
88%
2 Hanley Ramírez FLA SS
84%
3 Ryan Howard PHI 1B
84%
1 Zack Greinke KCR P
84%
4 Andrew McCutchen PIT CF
80%
4 Prince Fielder MIL 1B
80%
5 Roy Halladay TOR P
80%
3 Adam Wainwright STL P
76%
8 Chase Utley PHI 2B
76%
9 Derrek Lee CHC 1B
76%
5 Troy Tulowitzki COL SS
76%
2 Mark Teixeira NYY 1B
72%
10 Matt Kemp LAD CF
72%
2 Chris Carpenter STL P
68%
2 Elvis Andrus TEX SS
68%
4 CC Sabathia NYY P
64%
7 Pablo Sandoval SFG 3B
60%
6 Andre Ethier LAD RF
52%
6 Kevin Youkilis BOS 1B
40%
1 Andrew Bailey OAK P
36%
5 Dan Haren ARI P
36%
8 Ben Zobrist TBR 2B
32%
1 Chris Coghlan FLA LF
32%
7 Jason Bay BOS LF
32%
5 Kendrys Morales LAA 1B
32%
10 Chone Figgins LAA 3B
28%
3 Rick Porcello DET P
28%
5 Gordon Beckham CHW 3B
24%
5 Casey McGehee MIL 3B
12%
2 J.A. Happ PHI P
12%
4 Javier Vázquez ATL P
12%
4 Jeff Niemann TBR P
12%
3 Tommy Hanson ATL P
12%
No matching quizzes found
Score Distribution
Percent of People with Each Score
Percentile by Number Answered
Your Score History
You have not taken this quiz